00289nam a2200121Ia 4500008004100000041000800041082001200049100001800061245001800079260003800097300002400135365000800159240624s9999 xx 000 0 und d aeng a823 LUD aLUDLUM ROBERT aMOSCOW VECTOR c2005aNew DelhibOrion Books Ltd. a535 : p. : cm. ; 17 cGBP